<?xml version="1.0" encoding="UTF-8"?>
<record
    xmlns:xsi="http://www.w3.org/2001/XMLSchema-instance"
    xsi:schemaLocation="http://www.loc.gov/MARC21/slim http://www.loc.gov/standards/marcxml/schema/MARC21slim.xsd"
    xmlns="http://www.loc.gov/MARC21/slim">

  <leader>00676nam a22001937a 4500</leader>
  <datafield tag="999" ind1=" " ind2=" ">
    <subfield code="c">181413</subfield>
    <subfield code="d">181413</subfield>
  </datafield>
  <controlfield tag="005">20210913130321.0</controlfield>
  <datafield tag="010" ind1=" " ind2=" ">
    <subfield code="a">ENG-129914</subfield>
  </datafield>
  <datafield tag="020" ind1=" " ind2=" ">
    <subfield code="a">978-8131-25-265-9</subfield>
    <subfield code="c">2950.00</subfield>
  </datafield>
  <datafield tag="035" ind1=" " ind2=" ">
    <subfield code="a">  EN-113446</subfield>
  </datafield>
  <datafield tag="037" ind1=" " ind2=" ">
    <subfield code="b">DBAD/PUB</subfield>
  </datafield>
  <datafield tag="082" ind1=" " ind2=" ">
    <subfield code="a">346.730662</subfield>
  </datafield>
  <datafield tag="100" ind1=" " ind2=" ">
    <subfield code="d">N R Sridharan</subfield>
  </datafield>
  <datafield tag="245" ind1=" " ind2=" ">
    <subfield code="a">Guide to Takeovers and Mergers : :</subfield>
    <subfield code="c">by N R Sridharan,P H Arvindh Pandian</subfield>
  </datafield>
  <datafield tag="250" ind1=" " ind2=" ">
    <subfield code="a">6th ed.</subfield>
  </datafield>
  <datafield tag="260" ind1=" " ind2=" ">
    <subfield code="b">Lexis Nexis</subfield>
    <subfield code="a">India</subfield>
    <subfield code="c">2017</subfield>
  </datafield>
  <datafield tag="270" ind1=" " ind2=" ">
    <subfield code="b">Gurgaon</subfield>
    <subfield code="e">122002</subfield>
    <subfield code="a">14th Floor , Building No 10, Tower-B, DLF Cyber City, phase -ll</subfield>
    <subfield code="k">+91 124 4774444</subfield>
    <subfield code="l">+91 124 4774100</subfield>
    <subfield code="m">help.in@lexisnexis.com</subfield>
  </datafield>
  <datafield tag="300" ind1=" " ind2=" ">
    <subfield code="a">lxxx,2110p.</subfield>
    <subfield code="c">25cm(hbk)</subfield>
  </datafield>
  <datafield tag="942" ind1=" " ind2=" ">
    <subfield code="2">ddc</subfield>
    <subfield code="c">EN</subfield>
    <subfield code="h">346.730662</subfield>
    <subfield code="m">SRI</subfield>
  </datafield>
  <datafield tag="952" ind1=" " ind2=" ">
    <subfield code="0">0</subfield>
    <subfield code="1">0</subfield>
    <subfield code="4">0</subfield>
    <subfield code="7">0</subfield>
    <subfield code="8">REF</subfield>
    <subfield code="a">L</subfield>
    <subfield code="b">L</subfield>
    <subfield code="d">2021-09-13</subfield>
    <subfield code="e">DBADD/PUB</subfield>
    <subfield code="g">2950.00</subfield>
    <subfield code="l">0</subfield>
    <subfield code="o">346.730662 SRI</subfield>
    <subfield code="p">EN-113446</subfield>
    <subfield code="r">2021-09-13 00:00:00</subfield>
    <subfield code="t">1</subfield>
    <subfield code="v">2950.00</subfield>
    <subfield code="y">EN</subfield>
  </datafield>
</record>
